000 01390nam2a22002771 4500
001 rc\529093
005 20250621165904.0
035 _a(NLR Aleph) 005818072
090 _a5450681
_c5450681
100 _a20030616d1987 |||y0rusy50 ca
101 0 _arus
102 _aRU
105 _aa |||||||||
200 1 _aПленительная звезда
_eТрилогия
210 _d1987
_aБ. м.
215 _a348, [2] с., [1] л. ил.
327 1 _aСодерж.: Голубиные годы; Пленительная звезда; Тебе мое сердце
461 0 _1001rc\529092
_12001#$aИзбранное$eВ 2 т.$e[Для сред. и ст. возраста]$fАрсений Рутько$g[Вступ. ст. Л. Разгона]$vТ. 1
_1700#1$aРутько$bА.И.$gАрсений Иванович$f1909-1988
_95450675
_aРутько, А.И. (1909-1988)
_cМ.
_d1987-
_fАрсений Рутько
_nДет. лит.
_oВ 2 т. : [Для сред. и ст. возраста]
_tИзбранное
_vТ. 1
464 0 _12001#$aГолубиные годы
_tГолубиные годы
464 0 _12001#$aПленительная звезда
_tПленительная звезда
464 0 _12001#$aТебе мое сердце
_tТебе мое сердце
801 0 _aRU
_bNLR
_gpsbo
801 1 _aRU
_bELAR
_2rusmarc
852 _aNLR
_j87-5/5426
942 _cBOOK
980 _aNB